Rýchlo, zdravo a chutne prinášame Vám jednoduché, rýchle a zdravé recepty na každý deň

Bibliographic Details
Main Authors: Urbančoková, Lucia (Author), Tomasch, Richard (Author)
Other Authors: Snopková, Jana (Collaborator), Kadela, Jozef (fotograf) (Photographer)
Format: Book
Language:Slovak
Published: [Košice] LRfit, s.r.o. 2019
Edition:Prvé vydanie
Subjects:

MARC

LEADER 00000cam a2200000 4500
001 vtls011866222
003 SK-MaSNL
005 20260301224338.0
008 200316s2019 xo oa grf 000 0 slo
015 |a SNBA2019/06 
020 |a 9788097299132  |q (viazané) 
035 |a urn:nbn:sk:snk-am00dix8 
035 |a urn:nbn:sk:snk-am3i3sl 
035 |a 5A96F1B9-B036-4D56-83E4-8D340779F237 
040 |a SNK  |b slo  |c SNK  |e rda 
041 0 |a slo 
044 |a xo  |c SK 
072 7 |a 641  |x Kuchárstvo. Potraviny. Varené jedlá  |2 konspekt 
080 |a 641.562  |2 2011 
080 |a 613.2  |2 2011 
080 |a (083.12)  |2 2011 
080 |a 641.827  |2 2011 
100 1 |a Urbančoková, Lucia  |4 aut  |9 366027 
245 1 0 |a Rýchlo, zdravo a chutne  |b prinášame Vám jednoduché, rýchle a zdravé recepty na každý deň  |c autori: Lucia Urbančoková, Richard Tomasch 
246 1 |i Obálkový podnázov:  |a Raňajky - desiata - olovrant - polievky - hlavné jedlá - pred deti 
250 |a Prvé vydanie 
264 1 |a [Košice]  |b LRfit, s.r.o.  |c 2019 
300 |a 399 strán  |b farebné fotografie, farebné ilustrácie  |c 22 x 27 cm 
336 |a text  |b txt  |2 rdacontent 
336 |a statický obraz  |b sti  |2 rdacontent 
337 |a bez média  |b n  |2 rdamedia 
338 |a zväzok  |b nc  |2 rdacarrier 
500 |a Miesto vydania podľa NA ISBN 
650 0 7 |a detské jedlá  |2 SNKPH  |9 78296 
650 0 7 |a polievky  |2 SNKPH  |9 51106 
650 0 7 |a zdravá výživa  |2 SNKPH  |9 66259 
650 0 7 |a Soups  |2 SNKPHeng  |9 358496 
650 0 7 |a Cookery for children  |2 SNKPHeng  |9 414852 
650 0 7 |a Healthy eating  |2 SNKPHeng  |9 267865 
655 7 |a kuchárske recepty  |2 SNKPH  |9 70493 
655 7 |a Cookbooks  |2 SNKPHeng  |9 270340 
700 1 |a Tomasch, Richard  |4 aut  |9 438630 
700 1 |a Snopková, Jana  |4 clb  |9 616461 
700 1 |a Kadela, Jozef  |c (fotograf)  |4 pht  |9 163205 
919 |a 978-80-972991-3-2 
999 |c 946921  |d 948851 
952 |a SNK  |b SNK  |y PREZ  |7 0  |p 17A1372024  |o snkSC 184391  |i snk2019/13541  |8 0  |0 0  |1 0  |4 0  |d 2019-05-16  |f 1  |l 0  |r 2026-02-24 09:36:59  |w 2026-02-24 
952 |a SNK  |b SNK  |y VYP  |7 0  |p 17A1372025  |o snkSC 184391 D1  |i snk2019/13542  |8 0  |0 0  |1 0  |4 0  |d 2019-05-16  |l 0  |r 2026-02-24 09:36:59  |w 2026-02-24